[Event "Olympiad-43"]
[Site "Batumi"]
[Date "2018.10.04"]
[Round "10.1"]
[White "Morovic Fernandez, Ivan"]
[Black "Kayastha, Madan Krishna"]
[Result "1-0"]
[WhiteElo "2501"]
[BlackElo "2077"]
[PlyCount "85"]
[EventDate "2018.09.24"]
[EventType "team-swiss"]
[EventRounds "11"]
[EventCountry "GEO"]
[SourceTitle "CBM 187"]
[Source "ChessBase"]
[SourceDate "2018.12.11"]
[SourceVersion "1"]
[SourceVersionDate "2018.12.11"]
[SourceQuality "1"]
[WhiteTeam "Chile"]
[BlackTeam "Nepal"]
[WhiteTeamCountry "CHI"]
[BlackTeamCountry "NEP"]

1. d4 Nf6 2. c4 e6 3. Nf3 b6 4. g3 Ba6 5. b3 Bb7 6. Bg2 Bb4+ 7. Bd2 a5 8. 0-0 d6 9. Nc3 Bxc3 10. Bxc3 Be4 11. Re1 Nbd7 12. Bf1 0-0 13. Nd2 Bb7 14. e4 e5 15. d5 Ne8 16. Qc2 f5 17. exf5 Nc5 18. Nf3 Bc8 19. Nh4 Qg5 20. Bh3 Nf6 21. Bg2 Ne8 22. a3 Bxf5 23. Nxf5 Qxf5 24. Qxf5 Rxf5 25. b4 Na4 26. Bd2 Rf8 27. Rab1 axb4 28. axb4 Nf6 29. Rec1 Rab8 30. Rc2 Rfd8 31. Ra1 b5 32. cxb5 Nb6 33. Bg5 Rb7 34. Bh3 h6 35. Be6+ Kf8 36. Bxf6 gxf6 37. Rac1 Na8 38. Rc4 Rxb5 39. Rg4 h5 40. Rg8+ Ke7 41. Rg7+ Ke8 42. Rc4 Kf8 43. Rf7+ 1-0

[Event "Olympiad-43"]
[Site "Batumi"]
[Date "2018.09.30"]
[Round "6.41"]
[White "Kayastha, Madan Krishna"]
[Black "Piyumantha, M Sasith Nipun"]
[Result "1-0"]
[WhiteElo "2077"]
[BlackElo "2139"]
[PlyCount "87"]
[EventDate "2018.09.24"]
[EventType "team-swiss"]
[EventRounds "11"]
[EventCountry "GEO"]
[SourceTitle "CBM 187"]
[Source "ChessBase"]
[SourceDate "2018.12.11"]
[SourceVersion "1"]
[SourceVersionDate "2018.12.11"]
[SourceQuality "1"]
[WhiteTeam "Nepal"]
[BlackTeam "Sri Lanka"]
[WhiteTeamCountry "NEP"]
[BlackTeamCountry "SRI"]

1. e4 c6 2. Nc3 d5 3. Nf3 Nf6 4. e5 Ne4 5. d3 Nxc3 6. bxc3 c5 7. h3 Nc6 8. d4 e6 9. Bb5 Bd7 10. Bxc6 Bxc6 11. 0-0 Be7 12. Be3 Qa5 13. Qd2 0-0 14. dxc5 Bxc5 15. Nd4 Bxd4 16. Bxd4 Bb5 17. Rfe1 Rac8 18. Re3 Rc4 19. Rg3 Kh8 20. a3 Qc7 21. Rb1 a6 22. h4 h6 23. h5 Rc8 24. f4 Qe7 25. Rg4 R8c7 26. Rb4 Qe8 27. Rb1 Qg8 28. Re1 Qh7 29. Re3 Rc8 30. Reg3 Rg8 31. Rg6 Be8 32. f5 exf5 33. Rd6 Rc6 34. Qf4 Rxd6 35. exd6 f6 36. Re3 Bxh5 37. d7 Rf8 38. Qc7 Qg8 39. Bb6 d4 40. cxd4 f4 41. Qxf4 Qd5 42. Qc7 Qg5 43. Rg3 Qc1+ 44. Kh2 1-0

[Event "Olympiad-43"]
[Site "Batumi"]
[Date "2018.09.28"]
[Round "5.53"]
[White "Bai, Adelard"]
[Black "Kayastha, Madan Krishna"]
[Result "0-1"]
[WhiteElo "2111"]
[BlackElo "2077"]
[PlyCount "92"]
[EventDate "2018.09.24"]
[EventType "team-swiss"]
[EventRounds "11"]
[EventCountry "GEO"]
[SourceTitle "CBM 187"]
[Source "ChessBase"]
[SourceDate "2018.12.11"]
[SourceVersion "1"]
[SourceVersionDate "2018.12.11"]
[SourceQuality "1"]
[WhiteTeam "Chinese Taipei"]
[BlackTeam "Nepal"]
[WhiteTeamCountry "TPE"]
[BlackTeamCountry "NEP"]

1. d4 Nf6 2. c4 e6 3. Nc3 Bb4 4. e3 b6 5. Bd2 Bb7 6. Nf3 0-0 7. Bd3 d5 8. cxd5 exd5 9. 0-0 Bd6 10. Rc1 a6 11. Ne5 c5 12. f4 Nc6 13. Be1 cxd4 14. Nxc6 Bxc6 15. exd4 Bb7 16. Qf3 Re8 17. Bh4 Be7 18. Bxf6 Bxf6 19. Ne2 Qe7 20. Rc3 Rac8 21. Qh3 g6 22. Rf3 b5 23. f5 b4 24. Rxc8 Bxc8 25. Qg3 Bg7 26. fxg6 hxg6 27. h3 Bf5 28. Rf2 Be4 29. Qe3 Bxd3 30. Qxd3 a5 31. Qb5 Bh6 32. Kh1 Be3 33. Rf3 Bh6 34. Nf4 Bxf4 35. Rxf4 Qd8 36. Qf1 Qd7 37. Qf3 Re1+ 38. Kh2 Qc7 39. Qf2 Rc1 40. Qg3 Rb1 41. Rf2 Rh1+ 42. Kxh1 Qxg3 43. Rc2 Qd3 44. Rc5 Qxd4 45. Rxa5 Qxb2 46. Rxd5 Qxa2 0-1

[Event "Chittagong op"]
[Site "Chittagong"]
[Date "2018.09.03"]
[Round "2"]
[White "Kayastha, Madan Krishna"]
[Black "S, M Sharon"]
[Result "1-0"]
[WhiteElo "2077"]
[BlackElo "2163"]
[PlyCount "67"]
[EventDate "2018.09.02"]
[EventType "swiss"]
[EventRounds "10"]
[EventCountry "BAN"]
[SourceTitle "CBM 186 Extra"]
[Source "ChessBase"]
[SourceDate "2018.08.24"]
[SourceVersion "1"]
[SourceVersionDate "2018.08.24"]
[SourceQuality "1"]

1. d4 Nf6 2. c4 g6 3. Nc3 Bg7 4. e4 d6 5. f3 c6 6. Nge2 e5 7. d5 cxd5 8. Nxd5 Nxd5 9. Qxd5 Nc6 10. Be3 Be6 11. Qd3 f5 12. Rd1 fxe4 13. fxe4 Qa5+ 14. Bd2 Qc7 15. Bg5 Qa5+ 16. Bd2 Qc5 17. Be3 Qb4+ 18. Nc3 Nd4 19. b3 0-0 20. Rd2 Rac8 21. Rf2 b5 22. Rxf8+ Kxf8 23. Bd2 bxc4 24. bxc4 Bxc4 25. Qg3 Kg8 26. Bd3 Bh6 27. Bxc4+ Rxc4 28. 0-0 Bxd2 29. Qh4 Qb6 30. Qf6 Ne2+ 31. Kh1 Nf4 32. Nd5 Rc7 33. Qd8+ Kg7 34. Nxb6 1-0

[Event "Chittagong op"]
[Site "Chittagong"]
[Date "2018.09.03"]
[Round "3"]
[White "Neelash, Saha"]
[Black "Kayastha, Madan Krishna"]
[Result "1-0"]
[WhiteElo "2373"]
[BlackElo "2077"]
[PlyCount "91"]
[EventDate "2018.09.02"]
[EventType "swiss"]
[EventRounds "10"]
[EventCountry "BAN"]
[SourceTitle "CBM 186 Extra"]
[Source "ChessBase"]
[SourceDate "2018.08.24"]
[SourceVersion "1"]
[SourceVersionDate "2018.08.24"]
[SourceQuality "1"]

1. d4 d5 2. Bf4 Bf5 3. c4 dxc4 4. Nc3 Nf6 5. f3 c6 6. e4 Bc8 7. a4 e6 8. Bxc4 Nh5 9. Be3 Nf6 10. Nge2 Be7 11. 0-0 0-0 12. Nf4 Qa5 13. Nd3 Nbd7 14. Rb1 Qc7 15. f4 a6 16. b4 a5 17. b5 c5 18. dxc5 Bxc5 19. Nxc5 Nxc5 20. b6 Qe7 21. e5 Nfe4 22. Nxe4 Nxe4 23. Qd4 f5 24. Rfd1 h5 25. Be2 h4 26. Rbc1 Qb4 27. Bf3 Qxd4 28. Rxd4 Ra6 29. Bxe4 fxe4 30. Rd2 Ra8 31. Bc5 Re8 32. Kf2 Kf7 33. Ba3 Kg6 34. Rc7 Kf5 35. Ke3 Rg8 36. Be7 Ra6 37. Rd6 h3 38. gxh3 Ra8 39. h4 Ra6 40. h3 Kg6 41. Kxe4 Kh5 42. Bg5 Ra8 43. f5 exf5+ 44. Kf4 Ra6 45. Rxg7 Rh8 46. Rgg6 1-0

[Event "Asia-ch U20"]
[Site "Chennai"]
[Date "2008.12.08"]
[Round "3"]
[White "Jain, Shreyansh Daklia"]
[Black "Kayastha, Madan Krishna"]
[Result "1-0"]
[WhiteElo "2163"]
[BlackElo "1893"]
[PlyCount "69"]
[EventDate "2008.12.05"]
[EventType "swiss"]
[EventRounds "9"]
[EventCountry "IND"]
[SourceTitle "CBM 127 Extra"]
[Source "ChessBase"]
[SourceDate "2009.01.08"]
[SourceVersion "2"]
[SourceVersionDate "2009.01.28"]
[SourceQuality "1"]

1. e4 e5 2. Nf3 Nc6 3. Bb5 a6 4. Ba4 Nf6 5. d3 Bc5 6. 0-0 b5 7. Bb3 0-0 8. c3 d6 9. a4 Be6 10. Bc2 Bg4 11. Nbd2 b4 12. h3 Bh5 13. Nb3 Ba7 14. a5 Rb8 15. Qe2 bxc3 16. bxc3 d5 17. Bg5 d4 18. g4 Bg6 19. cxd4 Nxd4 20. Nbxd4 Bxd4 21. Nxd4 Qxd4 22. Ra4 Qd6 23. f4 exf4 24. Bxf4 Qc5+ 25. Qf2 Rb5 26. Be3 Qc6 27. Rc4 Qb7 28. Qg3 c5 29. Qd6 Rxa5 30. Bxc5 Rc8 31. Bb4 Rg5 32. Rxf6 gxf6 33. Qxf6 Rxc4 34. Qd8+ Kg7 35. Bf8+ 1-0